| 000 | 00374pam a2200157a 44500 | ||
|---|---|---|---|
| 008 | 230515b2009 xxu||||| |||| 00| 0 eng d | ||
| 020 | _aNULL | ||
| 041 | _aENGLISH | ||
| 082 | _a658.84 GUL | ||
| 100 | _aGULATI R.R. | ||
| 245 | _aMODERN TELEVISION PRACTICE | ||
| 250 | _a1 | ||
| 260 |
_aNULL _bNEW AGE INTERNATIONAL (P) LIMITED _c2009 |
||
| 300 | _a692 | ||
| 650 | _aNULL | ||
| 999 |
_c639330 _d639330 |
||